000 00349nam a2200145Ia 4500
003 OSt
005 20240222122255.0
008 170524s9999 xx 000 0 und d
020 _a9789814053044
040 _cIIMT ENGINEERING COLLEGE
100 _aKALAKOTA- RAVI
245 0 _aELECTRONIC COMMERCE
260 _bNEW DELHI : PEARSON
942 _2ddc
_c02
999 _c8353
_d8353